000 01137aam a2200373 a 4500
001 013834559
003 Uk
005 20230125103602.0
008 230125s2008 enka b 001 0 eng d
010 _a 2007006852
020 _a9781405159197 (hbk.) :
041 _aeng
082 0 0 _a690.0685
100 1 _aBarrett, Peter,
_cprofessor.
245 1 0 _aRevaluing construction /
_cwritten and edited by Peter Barrett.
260 _aOxford :
_bBlackwell,
_cc2008.
300 _axii, 282 p. :
_bill. ;
_c25 cm.
336 _atext
_2rdacontent
337 _aunmediated
_2rdamedia
338 _avolume
_2rdacarrier
500 _aFormerly CIP.
504 _aIncludes bibliographical references and index.
540 _aCurrent Copyright Fee: GBP32.00
_c0
_5Uk
650 0 _aBuilding Control
650 0 _aBuilt Enviromment
650 0 _aConstruction industry
650 0 _aConstruction industry
651 _aUnited Kingdom
690 _96230
_aConstruction management
690 _96307
_aBuilt Environment
942 _n0
999 _c121333
_d121333